| 000 | 00590cam a2200205 a 4500 | ||
|---|---|---|---|
| 001 | 000018480 | ||
| 005 | 20200929165819.0 | ||
| 008 | 760218s1981 nyu 000 f eng d | ||
| 020 | _a0446357197 | ||
| 040 |
_aDO-SdBNP _cDLC _dDLC _dBNPHU |
||
| 082 |
_annnn _bC712w |
||
| 100 | 1 |
_aCollins, Jackie, _911576 |
|
| 245 | 1 | 4 |
_aThe world is full of divorced women / _cJackie Collins. |
| 260 |
_aNew York : _bWarner Books, _c1981. |
||
| 300 |
_a413, [414-415] p. ; _c18 cm. |
||
| 490 | 1 | _aWarner Books | |
| 830 | 0 |
_aWarner Books _939979 |
|
| 910 | _aCatalogación derivada / LC | ||
| 049 | _aBNGR | ||
| 999 |
_c18000 _d18000 |
||